|
|
|
|
| LEADER |
01221nam a22002417a 4500 |
| 008 |
130719b xxu||||| |||| 00| 0 eng d |
| 999 |
|
|
|c 1501
|d 1501
|
| 020 |
|
|
|a 9789381649909
|
| 082 |
|
|
|a 305.42
|b KRI
|
| 100 |
|
|
|a കൃഷ്ണവേണി
|
| 240 |
|
|
|a Sathyavathi muthal hithihasangalile penbhavangal
|
| 245 |
|
|
|a സത്യവതി മുതല് /
|b ഇതിഹാസങ്ങളിലെ പെണ്ഭാവങ്ങള്
|c കൃഷ്ണവേണി
|
| 250 |
|
|
|a 1st ed.
|
| 260 |
|
|
|a കണ്ണൂര് :
|b കൈരളി ബുക്സ്,
|c 2013.
|
| 300 |
|
|
|a 160p.
|
| 650 |
|
|
|a Puranas
|
| 650 |
|
|
|a Hinduism
|
| 650 |
|
|
|a Feminism
|
| 700 |
|
|
|a Krishnaveni
|
| 942 |
|
|
|2 ddc
|c BK
|
| 952 |
|
|
|0 0
|1 0
|2 ddc
|4 0
|6 305_420000000000000_KRI
|7 0
|9 1650
|a MAIN
|b MAIN
|d 2013-07-19
|g 130.00
|l 5
|o 305.42 KRI
|p 1733
|r 2019-02-14
|s 2019-02-04
|t 1
|w 2013-07-19
|y BK
|
| 952 |
|
|
|0 0
|1 0
|2 ddc
|4 0
|6 305_420000000000000_KRI
|7 0
|9 10045
|a MAIN
|b MAIN
|d 2014-06-10
|e Kairali Books
|g 130.00
|l 1
|o 305.42 KRI
|p 10189
|r 2017-07-11
|s 2017-06-23
|t 2
|w 2014-06-10
|y BK
|
| 952 |
|
|
|0 0
|1 0
|2 ddc
|4 0
|6 305_420000000000000_KRI
|7 0
|9 12437
|a MAIN
|b MAIN
|d 2014-12-03
|e Kairali Books
|g 130.00
|l 3
|m 3
|o 305.42 KRI
|p 12583
|r 2020-06-29
|s 2020-06-15
|t 3
|w 2014-12-03
|y BK
|